Health education / (Record no. 17018)

MARC details
000 -LEADER
fixed length control field 00848nam a22002297a 4500
008 - FIXED-LENGTH DATA ELEMENTS--GENERAL INFORMATION
fixed length control field 081020t xxu||||| |||| 00| 0 eng d
010 ## - LIBRARY OF CONGRESS CONTROL NUMBER
LC control number ENG-84051
020 ## - INTERNATIONAL STANDARD BOOK NUMBER
International Standard Book Number 813130082X
020 ## - INTERNATIONAL STANDARD BOOK NUMBER
Terms of availability 595.00 (hb)
035 ## - SYSTEM CONTROL NUMBER
System control number EN-67584
082 ## - DEWEY DECIMAL CLASSIFICATION NUMBER
Classification number 371.904437 / TIW
100 ## - MAIN ENTRY--PERSONAL NAME
Personal name Tiwari, Saket Raman
245 ## - TITLE STATEMENT
Title Health education /
Statement of responsibility, etc by Saket Raman Tiwari, Chhote Lal Rathor; edited by Yogesh Kumar Singh
260 ## - PUBLICATION, DISTRIBUTION, ETC. (IMPRINT)
Place of publication, distribution, etc New Delhi
Name of publisher, distributor, etc A P H Publishing
260 ## - PUBLICATION, DISTRIBUTION, ETC. (IMPRINT)
Date of publication, distribution, etc 2007
300 ## - PHYSICAL DESCRIPTION
Extent ix, 226p
Dimensions 22cm
500 ## - GENERAL NOTE
General note Includes bibliographical references
700 ## - ADDED ENTRY--PERSONAL NAME
Personal name Rathor, Chhote Lal
Titles and other words associated with a name jt auth
700 ## - ADDED ENTRY--PERSONAL NAME
Personal name Singh, Yogesh Kumar
Titles and other words associated with a name ed
942 ## - ADDED ENTRY ELEMENTS (KOHA)
Source of classification or shelving scheme Dewey Decimal Classification
Koha item type English Books
Classification part 371.904437
Call number suffix TIW
Holdings
Withdrawn status Lost status Source of classification or shelving scheme Damaged status Not for loan Home library Current library Date acquired Cost, normal purchase price Total Checkouts Full call number Barcode Date last seen Copy number Cost, replacement price Price effective from Koha item type
    Dewey Decimal Classification   Not For Loan D.B.Act.Division D.B.Act.Division 22/02/2007 595.00   371.904437 TIW EN-67584 21/10/2008 1 595.00 21/10/2008 English Books

© Delhi Public Library
Hit Counter
free hit counter